00873 a2200205 45000010006000000050017000060080041000230030015000640400040000790800031001192450015001500200018001652500012001832640034001953000025002295050360002540410008006141000025006227000020006474199520260407155711.0260407a1984 arg spa dAR-UNSa-BCEJYS aAR-UNSa-BCEJYSbspacAR-UNSa-BCEJYS a330xEconomía en general10aEconomía a968-451-633-9 a2a. ed. 1aMéxico :bMcGraw-Hillc1984 axlvi, 955 p.c23 cm. a1. Conceptos económicos básicos - 2. Alto nivel de empleo y estabilidad de precios - 3. Políticas de demanda agregada - 4. Las grandes cuestiones macroeconomicas de nuestro tiempo - 5. Microeconomía ¿ Es suficiente nuestra producción? - 6. Eficiencia económica: Cuestiones para nuestro tiempo - 7. Microeconomía: Como se distribuye la renta aspa1 aWonnacott, Ronald J.1 aWonnacott, Paul